| 000 | 00387nam a2200169Ia 4500 | ||
|---|---|---|---|
| 001 | 24047 | ||
| 005 | 20260414151017.0 | ||
| 008 | 260414t1997||||xx |||||||||||||| ||spa|| | ||
| 041 | _aESP | ||
| 082 |
_a759 _bT34 |
||
| 100 |
_aTelefónica del Perú _eAUT |
||
| 245 | 0 |
_aVinatea Reinoso 1900 - 1931 _b |
|
| 260 | _c1997 | ||
| 650 | _aABD | ||
| 654 | _aCAU | ||
| 942 |
_cLIB _dJUS _fJUS _2ddc _n |
||
| 999 |
_c24047 _d24047 |
||